000 00225nam a2200097Ia 4500
008 230508s1996 xx 000 0 und d
041 _aeng
100 _aGITA PIRAMAL
245 _aBUSINESS MANARJAS
260 _bPING BOOK
_c1996
999 _c708294
_d708294